La inserción de los jóvenes en la sociedad

Guardat en:
Dades bibliogràfiques
Autor principal: Zárraga, José Luis de (Autor)
Format: Llibre
Idioma:espanyol
Publicat: Barcelona Instituto de la Juventud 1985
Col·lecció:Colección Informe Juventud en España, 1
Matèries:
Etiquetes: Afegir etiqueta
Sense etiquetes, Sigues el primer a etiquetar aquest registre!

MARC

LEADER 00000nam a2200000 a 4500
001 UCQ9386
003 CL-VaPUC
008 981230e19850000SP |||||||||||||||||spa|d
082 0 4 |a 305.235  |b ZAR  |2 21 
100 0 |a Zárraga, José Luis de  |e author  |9 423899 
245 1 3 |a La inserción de los jóvenes en la sociedad 
300 |a 403 p 
942 |c BK 
945 |d 19981230 00:00:00  |a aarredon 
260 |a Barcelona  |b Instituto de la Juventud  |c 1985 
650 0 |a Juventud  |9 271073 
650 0 |a Jóvenes  |9 326981 
650 0 |a Aspectos sociales  |9 254894 
650 0 |a Sociedad  |9 307903 
650 0 |a Condiciones sociales   |9 257278 
650 7 |a CONDUCTA SOCIAL  |2 CL-VaPUC  |9 389084 
650 7 |a INSERCION  |2 CL-VaPUC  |9 404456 
650 0 |a Mercado laboral   |9 375911 
650 7 |a INFORME  |2 CL-VaPUC  |9 382315 
651 0 |a España  |9 254926 
583 |a last modification  |c 19981230 00:00:00  |k Rodrigo Vera 
490 0 |a Colección Informe Juventud en España, 1 
999 |c 278401  |d 278399 
952 |0 0  |1 0  |4 0  |6 305_235000000000000_ZAR_1985  |7 0  |8 P  |9 316911  |a BIBEDU  |b BIBEDU  |c BIBEDU_PB  |d 2019-11-20  |i 3487652  |o 305.235 ZAR 1985  |p 3487652  |r 2024-01-25  |w 2019-11-20  |y BK  |k EDU